<?xml version="1.0" encoding="UTF-8"?><?xml-stylesheet type="text/xsl" href="static/style.xsl"?><OAI-PMH xmlns="http://www.openarchives.org/OAI/2.0/" xmlns:xsi="http://www.w3.org/2001/XMLSchema-instance" xsi:schemaLocation="http://www.openarchives.org/OAI/2.0/ http://www.openarchives.org/OAI/2.0/OAI-PMH.xsd"><responseDate>2026-04-28T22:57:10Z</responseDate><request verb="GetRecord" identifier="oai:repisalud.isciii.es:20.500.12105/14854" metadataPrefix="marc">https://repisalud.isciii.es/rest/oai/request</request><GetRecord><record><header><identifier>oai:repisalud.isciii.es:20.500.12105/14854</identifier><datestamp>2024-09-27T23:00:52Z</datestamp><setSpec>com_20.500.12105_2052</setSpec><setSpec>com_20.500.12105_2051</setSpec><setSpec>col_20.500.12105_19609</setSpec></header><metadata><record xmlns="http://www.loc.gov/MARC21/slim" xmlns:dcterms="http://purl.org/dc/terms/" xmlns:doc="http://www.lyncode.com/xoai" xmlns:xsi="http://www.w3.org/2001/XMLSchema-instance" xsi:schemaLocation="http://www.loc.gov/MARC21/slim http://www.loc.gov/standards/marcxml/schema/MARC21slim.xsd">
   <leader>00925njm 22002777a 4500</leader>
   <datafield ind2=" " ind1=" " tag="042">
      <subfield code="a">dc</subfield>
   </datafield>
   <datafield ind2=" " ind1=" " tag="720">
      <subfield code="a">Ruiz, Sara</subfield>
      <subfield code="e">author</subfield>
   </datafield>
   <datafield ind2=" " ind1=" " tag="720">
      <subfield code="a">Calvo, Cristina</subfield>
      <subfield code="e">author</subfield>
   </datafield>
   <datafield ind2=" " ind1=" " tag="720">
      <subfield code="a">Pozo Sanchez, Francisco</subfield>
      <subfield code="e">author</subfield>
   </datafield>
   <datafield ind2=" " ind1=" " tag="720">
      <subfield code="a">Casas Flecha, Inmaculada</subfield>
      <subfield code="e">author</subfield>
   </datafield>
   <datafield ind2=" " ind1=" " tag="720">
      <subfield code="a">García-García, María Luz</subfield>
      <subfield code="e">author</subfield>
   </datafield>
   <datafield ind2=" " ind1=" " tag="260">
      <subfield code="c">2022-05-09</subfield>
   </datafield>
   <datafield ind2=" " ind1=" " tag="520">
      <subfield code="a">Our main objective was to compare the lung function, the rate of allergic sensitization and the prevalence of asthma at 7-9 years in children hospitalized for bronchiolitis with viral coinfection versus single viral infection. Observational study in children with previous bronchiolitis and current age 7-9 years. Clinical data were collected. Fraction of exhaled nitric oxide (FeNO) determination, spirometry and skin prick test for common aeroallergens were performed. A total of 181 children hospitalized for bronchiolitis (40 coinfections and 141 single infections), with median age of 8.3 years (IQR:7.5-9.1) were included. Single-HRV-infections showed lower basal FEV1(%) than coinfections (p = 0.04) and lower z-score FEV1 than single-RSV-infections (p = 0.04) or coinfections (p = 0.02). Also, single-HRV-infections had lower post-bronchodilator FEV1(%) and z-score FEV1 values than coinfections (p = 0.03 and p = 0.03). Single-HRV-bronchiolitis was an independent risk factor for FEV1 &lt; 80% (p = 0.007). FeNO value &gt; 25 ppb was detected in 21(12.5%) cases, without differences between viral groups (p = 0.768). The prevalence of allergic sensitization was similar in coinfections (31.4%) versus single infections (38.7%), (p = 0.428). The highest frequency of allergic rhinitis was observed in single-HRV patients (p = 0.004). The respiratory morbidity at 7-9 years of coinfected patients was similar to the single-HRV ones. In contrast, the likelihood of current asthma was up to 5 times higher in RSV/HRV coinfections than in the single-RSV-infections ones (p = 0.012). The respiratory morbidity at 7-9 years of age after severe bronchiolitis is significantly higher in single-HRV or viral coinfection patients that in single-RSV ones. Single-HRV-bronchiolitis is independently associated with lower lung function at school-age.</subfield>
   </datafield>
   <datafield ind1="8" ind2=" " tag="024">
      <subfield code="a">Sci Rep. 2022 May 9;12(1):7552.</subfield>
   </datafield>
   <datafield ind1="8" ind2=" " tag="024">
      <subfield code="a">http://hdl.handle.net/20.500.12105/14854</subfield>
   </datafield>
   <datafield ind1="8" ind2=" " tag="024">
      <subfield code="a">35534518</subfield>
   </datafield>
   <datafield ind1="8" ind2=" " tag="024">
      <subfield code="a">10.1038/s41598-022-11356-9</subfield>
   </datafield>
   <datafield ind1="8" ind2=" " tag="024">
      <subfield code="a">2045-2322</subfield>
   </datafield>
   <datafield ind1="8" ind2=" " tag="024">
      <subfield code="a">Scientific Reports</subfield>
   </datafield>
   <datafield ind2="0" ind1="0" tag="245">
      <subfield code="a">Lung function, allergic sensitization and asthma in school-aged children after viral-coinfection bronchiolitis</subfield>
   </datafield>
</record></metadata></record></GetRecord></OAI-PMH>